000 00780nam a2200253Ia 4500
003 OSt
005 20220923224936.0
006 a|||||r|||| 00| 0
007 ta
008 220922b |||||||| |||| 00| 0 hin d
024 _a253,963
037 _cTextual
040 _aARTS
_cARTS
_bhin
041 _2hin
_ahin
082 _aO152,3N24,AA, L7
100 _aठाकुरप्रसाद सिंह
245 0 _aआदिम
246 _aĀdima
260 _aहापुड़
_b संभावना प्रकाशन
_c1977
300 _a132पृ.
_ccm.
650 _aहिन्दी साहित्य
_9156264
942 _hO152,3N24,AA, L7
_cTEXL
_2CC
999 _c374838
_d374838